000
00252nam a22001097a 4500
082
_a
808.3 RAI'R
100
_a
RAINE, WILLIAM MACLEOD
_9
57828
245
_a
THE RIVER BEND FEND
260
_a
NEWYORK
_b
INTERNATIONAL
_c
1939
300
_a
259P
942
_c
BK
999
_c
568080
_d
568080